| 000 | 00591cab a22001935a 4500 | ||
|---|---|---|---|
| 001 | L154960 | ||
| 008 | 120210e20120204xxk 000 0 eng d | ||
| 035 | _a(Sirsi) u154960 | ||
| 041 | 0 | _aeng | |
| 100 | 1 | _aBarnard, Lucy | |
| 245 | 0 | 0 |
_aSalary survey 2012 _bwages going down |
| 260 | _c2012 | ||
| 490 |
_aEstates Gazette _v(1205) 4 February 2012, 50-55(6) |
||
| 520 | _aEG Foundation Recruitment annual salary survey reveals a fall of one fifith for salaries in the property industry. | ||
| 590 | _aKA | ||
| 651 | 4 |
_aUnited Kingdom _y |
|
| 690 | _aBusiness and management | ||
| 942 | _n0 | ||
| 999 |
_c83758 _d83758 |
||